000 01325nam2a2200301 4500
001 RU\NLR\BIBL_A\012454427
005 20250806201113.0
035 _a(NLR Aleph) 012454427
090 _a52916
_c52916
100 _a20250806 rusy50
101 0 _arus
102 _aRU
135 _acrcn 024apaba
200 0 _a1942, № 223 (7264) (20 сент.)
210 _d1942
325 1 _aКопия доступна в электронной библиотеке РНБ
461 0 _1001RU\NLR\DIGIT\NP\000428
_12001#$aКрасноярский рабочий$eОрган Краснояр. краевого и городского ком. ВКП(б) и краевого Совета депутатов трудящихся$v1942, № 223 (7264) (20 сент.)
852 _aNLR
_jР899
856 0 _uhttps://vivaldi.nlr.ru/ap000063740/view
856 1 _uhttps://vivaldi.nlr.ru/ap000063740/cover
856 2 _uhttps://vivaldi.nlr.ru/ap000063740/text
901 _eГазеты
942 _cISSNP
945 _aРоссийская национальная библиотека
980 _aNB
980 _aBV
981 2 7 _a(27) Периодические издания
_b(27) Газеты